| 000 | 00644nam a2200205Ia 4500 | ||
|---|---|---|---|
| 003 | GCL | ||
| 008 | 140319s9999 xx 000 0 ara d | ||
| 040 |
_aGCL / _cGCL |
||
| 082 | 0 | 4 |
_aق _b915 _bج م |
| 245 | 1 | 0 | _aالمحاضرات العامةالموسم الثقافى لسنة 1958 |
| 260 |
_aالقاهرة : _bالجمعية الجغرافية المصرية ، _c1958 |
||
| 300 |
_a81 ص ؛ _c24 سم |
||
| 490 | _a | ||
| 650 | 0 | 4 | _aالمحاضرات |
| 650 | 0 | 4 | _aالنيل |
| 650 | 0 | 4 | _aالواحات الخارجة |
| 650 | 0 | 4 | _aالظواهر الطبيعية |
| 650 | 0 | 4 | _aالاقليات - الصين |
| 942 |
_2ddc _cBK |
||
| 999 |
_c38318 _d38318 |
||